North American Pro Sports Teams With Colors in Their Names - Statistics

General Stats
  • This quiz has been taken 999 times
    972 since last reset
  • The average score is 8 of 13
Answer Stats
League Team % Correct
Major League Baseball Cincinnati Reds
96%
Major League Baseball Boston Red Sox
86%
Major League Baseball Chicago White Sox
85%
NFL Football Cleveland Browns
77%
Major League Baseball Toronto Blue Jays
73%
NHL Hockey St. Louis Blues
71%
NHL Hockey Chicago Blackhawks
65%
NHL Hockey Detroit Red Wings
65%
NHL Hockey Columbus Blue Jackets
64%
NFL Football Washington Redskins
55%
NHL Hockey Vegas Golden Knights
47%
St. Louis Cardinals
30%
Baltimore Ravens
11%
No matching quizzes found
Score Distribution
Percent of People with Each Score
Percentile by Number Answered
Your Score History
You have not taken this quiz since the last reset